| 000 | 00764cam a2200205 4500 | ||
|---|---|---|---|
| 001 | ABS61849 | ||
| 008 | 000000n2000 000 0 eng u | ||
| 035 | _a(Sirsi) u103990 | ||
| 245 | _aBe adept at adaptation | ||
| 260 | _c2000 | ||
| 490 |
_aEstates Gazette _v(0003) 22 January 2000, 120-121(2) |
||
| 520 | _aa 'Mainly for students' article looking at the issues for surveyors working with poor quality commercial properties. Covers valuation, letting and marketing, negotiating rent settlements and acting on behalf of tenants. | ||
| 590 | _aABS | ||
| 650 | _aPROPERTY-COMMERCIAL PROPERTY-COMMERCIAL PROPERTY MANAGEMENT | ||
| 650 | _aSURVEYORS | ||
| 650 | _aMANAGING AGENTS | ||
| 650 |
_aValuation _96273 |
||
| 690 | _aSURVEYING SERVICES | ||
| 942 | _n0 | ||
| 999 |
_c62410 _d62410 |
||